000 00266nam a2200109Ia 4500
008 220204s9999 xx 000 0 und d
082 _a82-3
_bNAR
100 _aNarayan, R K
245 0 _aVendor of sweets
260 _aMysore
_bIndian thought publn
_c1976
942 _cBK
999 _c29084
_d29084